|
|
|
|
| LEADER |
01569nam a22003977a 4500 |
| 001 |
39202 |
| 003 |
BD-DhAAL |
| 005 |
20220721165747.0 |
| 008 |
220721t2018 enka b 001 0 eng d |
| 999 |
|
|
|c 44089
|d 44089
|
| 010 |
|
|
|a 2012450638
|
| 016 |
7 |
|
|a 015951825
|2 Uk
|
| 020 |
|
|
|a 9781108454179 (pbk)
|
| 020 |
|
|
|a 9781107016347 (hbk)
|
| 020 |
|
|
|a 9781107016347
|
| 020 |
|
|
|a 1107016347
|
| 035 |
|
|
|a (OCoLC)ocn753630349
|
| 040 |
|
|
|a BTCTA
|b eng
|c BTCTA
|d UKMGB
|d YDXCP
|d NLE
|d CDX
|d OUN
|d DEBBG
|d BWX
|d COO
|d LML
|d DLC
|d BD-DhAAL
|
| 042 |
|
|
|a lccopycat
|
| 050 |
0 |
0 |
|a P53.28
|b .C6626 2012
|
| 082 |
0 |
4 |
|a 418.00785
|2 23
|
| 084 |
|
|
|a ES 822
|2 rvk
|
| 245 |
0 |
0 |
|a Computer-assisted language learning :
|b diversity in research and practice /
|c edited by Glenn Stockwell
|
| 260 |
|
|
|a Cambridge, UK ;
|a New York :
|b Cambridge University Press,
|c 2018.
|
| 300 |
|
|
|a xiv, 213 pages :
|b illustrations ;
|c 24 cm.
|
| 504 |
|
|
|a Includes bibliographical references (pages 180-199) and index
|
| 526 |
|
|
|a ENH
|
| 541 |
|
|
|a Book Finder International
|e 39202
|
| 650 |
|
0 |
|a Language and languages
|x Computer-assisted instruction.
|9 50131
|
| 650 |
|
0 |
|a Second language acquisition.
|9 50132
|
| 650 |
|
0 |
|a Language and languages.
|9 50133
|
| 650 |
0 |
7 |
|a English language.
|9 50136
|
| 700 |
1 |
|
|a Stockwell, Glenn,
|d 1970-
|9 50137
|
| 852 |
|
|
|a Ayesha Abed Library
|c General Stacks
|
| 942 |
|
|
|2 ddc
|c BK
|
| 952 |
|
|
|0 0
|1 0
|2 ddc
|4 0
|6 418_007850000000000_COM
|7 0
|9 71218
|a BRACUL
|b BRACUL
|c GEN
|d 2022-07-07
|e Book Finder International
|g 2047.33
|l 0
|o 418.00785 COM
|p 3010039202
|r 2022-07-07
|t 1
|v 2047.33
|w 2022-07-07
|y BK
|